000 00203 a2200097 4500
001 26713
100 _aPierce, J.J
245 _aApplied electronics
260 _a
_bMerrill
_c1972
090 _c17963
_d17963
942 _aNUST-CAE
_cM
_c8850
999 _c261786
_d261786